• 首页
  • 本馆介绍
  • 公告通知
  • 最新文献
  • 馆藏检索
  • 电子资源
  • 读者导购
  • 参考咨询
  • 我的图书馆
  • 登录
  • 详细信息显示
  • 放入我的书架
  • 预约/预借图书
  • 作者相关作品
  • 分类相关作品
  • 丛书相关作品
  • 出版社相关作品

书目信息

  • 表格格式
  • 工作单格式
  • 卡片格式
题名:
一身正气两袖清风
    
 
作者: 唐朝 编
分册:  
出版信息: 长沙   湖南人民出版社  1989.6
页数: 252页
开本: 19厘米
丛书名:
单 册:
中图分类: K821
科图分类:
主题词:
电子资源:
ISBN: 7-217-00621-X
000 00759nam0 2200241 450
001 0100269076
005 20020928000000.0
010    @a7-217-00621-X@dCNY3.50
011    @a7-217-00621-X
100    @a19900806d1989 m y0chiy0110 ea
101 0  @achi
102    @aCN@b430000
105    @ay z 000yy
106    @ar
200 1  @a一身正气两袖清风@9Yi Shen Zheng Qi Liang Xiu Qing Feng @e胡耀邦逸闻录@f唐 朝编@b专著
210    @a长沙@c湖南人民出版社@d1989.6
215    @a252页@d19厘米
330    @a本书以逸闻录、回忆录等形式,记载了胡耀邦同志许多为人鲜知的革命活动和轶事、秘录。
600  0 @a胡耀邦@f(1915-1989)@x生平事迹
690    @aK821@v1980
701  0 @a唐朝@9tang chao@4编
801  0 @aCN@bAiZhiMarc@c19900806
905    @aBZT@dK821@e16@f1@sK821/16
    
    一身正气两袖清风:胡耀邦逸闻录/唐 朝编.-长沙:湖南人民出版社,1989.6
    252页;19厘米
    
    
    ISBN 7-217-00621-X:CNY3.50
    本书以逸闻录、回忆录等形式,记载了胡耀邦同志许多为人鲜知的革命活动和轶事、秘录。
●
相关链接 在五车中查询图书 在当当中查询图书 在豆瓣中查询图书


正题名:一身正气两袖清风     索取号:K821/16         预约/预借

序号 登录号 条形码 馆藏地/架位号 状态 备注
1 2000080257   2000080257   旧书回溯/ [索取号:K821/16] 在馆    
山东省滨州职业学院图书馆 欢迎您!
大连网信软件有限公司© 版权所有